000 00729nam a22002417a 4500
003 UA-OsUOA
001 46770
007 ta
008 20120511b un ||||| |||| 00| 0 ukr d
100 _aОлексюк В.
090 _a1
_bО-53
942 _cBK
040 _aUA-OsUOA
_bukr
_cUA-OsUOA
_dUA-OsUOA
245 _aДо проблеми обману мудрости
_bзбірка філософських студій
300 _a183 с.
955 _a4
041 _aukr
080 _a1
260 _aЧікаго
_bОбнова
_c1975
650 7 _a1 Філософські науки
_2UDC
999 _c426872
_d426872